Visualizzazione normale
Vista MARC
- Virgen de la Fuencisla
di Topical Term
Records bibliografici associati: 1
001 - CONTROL NUMBER
- control field: 63235
003 - CONTROL NUMBER IDENTIFIER
- control field: IT-RoINE
005 - DATE AND TIME OF LATEST TRANSACTION
- control field: 20191009055600.0
008 - FIXED-LENGTH DATA ELEMENTS
- fixed length control field: 191009|| aca||aabn | a|a d
040 ## - CATALOGING SOURCE
- Original cataloging agency: IT-RoINE
- Transcribing agency: IT-RoINE
150 ## - HEADING--TOPICAL TERM
- Topical term or geographic name as entry element: Virgen de la Fuencisla
670 ## - SOURCE DATA FOUND
- Source citation: Work cat.: (IT-RoINE)0: Probanza de los sucesos milagrosos que Nuestro Señor ha obrado con los devotos de Nuestra Señora de la Fuencisla :, 1997.